000 00595nam a22001937a 4500
005 20251108164232.0
008 250721s1995 xx 000 0 ara d
082 1 4 _a620.103/كار
100 1 _aكارفيل، ج
245 1 0 _aتبسيط المفاهيم الهندسية /
264 1 _aالقاهرة :
_bالهيئة المصرية العامة للكتاب،
_c1995.
300 _a375ص
650 1 7 _aالهندسة الميكانيكية
650 1 7 _aالمكنات
650 1 7 _aالقواميس
700 1 _aغانم، سعيد
_eترجمة
942 _2ddc
_cBK
999 _c7089
_d7089